000 00389nam a22001697a 4500
003 MPLRDC
005 20220104123757.0
008 210129b ||||| |||| 00| 0 eng d
082 _a363 WAT
100 _aJAMES D.WATSON著; 童亦畅译
245 _a双螺旋链
_c
250 _a初版
260 _a
_b今日世界社
_c1970
300 _b
650 _a
942 _cBK
_o363 WAT
999 _c14115
_d14105